[Event "ROM-ch U14 Girls"]
[Site "Calimanesti"]
[Date "2014.04.09"]
[Round "4"]
[White "Stan, Andreea"]
[Black "Ochea, Gabriela Alexandra"]
[Result "1-0"]
[WhiteElo "1007"]
[BlackElo "1001"]
[PlyCount "122"]
[EventDate "2014.04.06"]
[EventType "swiss"]
[EventRounds "9"]
[EventCountry "ROU"]
[SourceTitle "CBM 160 Extra"]
[Source "ChessBase"]
[SourceDate "2014.07.01"]
[SourceVersion "1"]
[SourceVersionDate "2014.07.01"]
[SourceQuality "1"]

1. e4 e5 2. Nf3 Nc6 3. Bc4 h6 4. 0-0 Nf6 5. Nc3 Bb4 6. d3 0-0 7. Bd2 d6 8. h3 Bd7 9. a3 Bc5 10. Be3 Bxe3 11. fxe3 Nh5 12. Nh2 Qg5 13. Nd5 Bxh3 14. Qf3 Be6 15. Nxc7 Rab8 16. Nxe6 fxe6 17. Bxe6+ Kh7 18. Qh3 Ng3 19. Bf5+ Nxf5 20. Rxf5 Rxf5 21. Qxf5+ Qxf5 22. exf5 Rf8 23. Rf1 Ne7 24. d4 Rxf5 25. Rxf5 Nxf5 26. dxe5 dxe5 27. e4 Nd6 28. Nf3 Nf7 29. Kf2 g5 30. b4 h5 31. c4 g4 32. Nh4 Nd6 33. c5 Nxe4+ 34. Ke3 Ng5 35. b5 Nf7 36. Ke4 Kh6 37. c6 bxc6 38. bxc6 Nd6+ 39. Kxe5 Nc8 40. a4 Kg5 41. g3 Kh6 42. Kf6 a5 43. Nf5+ Kh7 44. Kg5 Nb6 45. c7 Nc8 46. Kxh5 Kg8 47. Kxg4 Kf7 48. Kh5 Ke8 49. g4 Kd7 50. g5 Kxc7 51. g6 Kd7 52. g7 Ne7 53. Nxe7 Kxe7 54. g8Q Kd6 55. Qg5 Kc6 56. Qxa5 Kd6 57. Qb5 Ke6 58. a5 Kd6 59. a6 Kc7 60. a7 Kd6 61. a8Q Ke6 1-0

[Event "ROM-ch U14 Girls"]
[Site "Calimanesti"]
[Date "2014.04.08"]
[Round "3"]
[White "Ochea, Gabriela Alexandra"]
[Black "Mos, Maria Magdalena"]
[Result "0-1"]
[WhiteElo "1001"]
[BlackElo "1400"]
[PlyCount "100"]
[EventDate "2014.04.06"]
[EventType "swiss"]
[EventRounds "9"]
[EventCountry "ROU"]
[SourceTitle "CBM 160 Extra"]
[Source "ChessBase"]
[SourceDate "2014.07.01"]
[SourceVersion "1"]
[SourceVersionDate "2014.07.01"]
[SourceQuality "1"]

1. e4 d6 2. Nf3 Nf6 3. Nc3 g6 4. d4 Bg7 5. Bd3 c6 6. 0-0 0-0 7. Re1 Nbd7 8. e5 dxe5 9. dxe5 Nd5 10. Bc4 Nxc3 11. bxc3 e6 12. Bg5 Qc7 13. Qd4 h6 14. Bf6 c5 15. Qh4 a6 16. Bd3 b5 17. c4 b4 18. Rac1 Bb7 19. Be4 Nb6 20. Bxg7 Kxg7 21. Qf6+ Kh7 22. Qh4 Bxe4 23. Rxe4 Qd8 24. Qh3 Rh8 25. Rh4 Kg7 26. Rf4 Qe7 27. Rf6 Nd7 28. Rf4 Rad8 29. Re1 Nf8 30. Qg3 Nh7 31. h3 Rd7 32. Re3 Rd1+ 33. Re1 Rhd8 34. Rxd1 Rxd1+ 35. Kh2 Ra1 36. Rh4 Ng5 37. Nxg5 Qxg5 38. Qxg5 hxg5 39. Rg4 Kh6 40. f4 gxf4 41. Rxf4 Kg7 42. g4 Rxa2 43. h4 Rxc2+ 44. Kg3 Rc3+ 45. Kg2 b3 46. Rf2 Rc2 47. h5 Rxf2+ 48. Kxf2 b2 49. hxg6 Kxg6 50. g5 b1Q 0-1